书目信息 |
| 题名: |
环境经济学与循环经济
|
|
| 作者: | 曹瑞钰 编 | |
| 分册: | ||
| 出版信息: | 北京 化学工业出版社 2006 |
|
| 页数: | 189页 | |
| 开本: | 26cm | |
| 丛书名: | ||
| 单 册: | ||
| 中图分类: | X196 , F062.1 | |
| 科图分类: | ||
| 主题词: | 环境经济学--高等学校--教材 , 自然资源--资源经济学--高等学校--教材 , 环境经济学 , 自然资源 , 资源经济学 | |
| 电子资源: | ||
| ISBN: | 7-5025-8027-1 | |
| 000 | 01017nam0 2200313 450 | |
| 001 | 003202703 | |
| 005 | 20070720111928.14 | |
| 010 | @a7-5025-8027-1@dCNY24.00 | |
| 035 | @a003202703 | |
| 100 | @a20060104d2006 em y0chiy0110 ea | |
| 101 | 0 | @achi |
| 102 | @aCN@b110000 | |
| 105 | @ay z 000yy | |
| 106 | @ar | |
| 200 | 1 | @a环境经济学与循环经济@Ahuan jing jing ji xue yu xun huan jing ji@f曹瑞钰编@Fcao rui yu bian |
| 210 | @a北京@c化学工业出版社@d2006 | |
| 215 | @a189页@d26cm | |
| 300 | @a高等学校教材 | |
| 330 | @a本书分为两篇。环境经济学篇系统阐述了环境经济学的产生、发展,基本原理、经济学基础,环境项目的经济效果评价;循环经济篇阐述了循环经济的产生、发展,循环经济发展的理论及其实践等。 | |
| 606 | 0 | @a环境经济学@x高等学校@j教材 |
| 606 | 0 | @a自然资源@x资源经济学@x高等学校@j教材 |
| 606 | 0 | @a环境经济学 |
| 606 | 0 | @a自然资源 |
| 606 | 0 | @a资源经济学 |
| 690 | @aX196@v4 | |
| 690 | @aF062.1@v4 | |
| 701 | 0 | @a曹瑞钰@Acao rui yu@4编 |
| 801 | 0 | @aCN@bNLC@c20070720 |
| 905 | @dX196@e142@f5 | |
| 环境经济学与循环经济/曹瑞钰编.-北京:化学工业出版社,2006 |
| 189页;26cm |
| 高等学校教材 |
| ISBN 7-5025-8027-1:CNY24.00 |
| 本书分为两篇。环境经济学篇系统阐述了环境经济学的产生、发展,基本原理、经济学基础,环境项目的经济效果评价;循环经济篇阐述了循环经济的产生、发展,循环经济发展的理论及其实践等。 |
| ● |
| 相关链接 |
|
|
|
|
正题名:环境经济学与循环经济
索取号:X196/142
 
预约/预借
| 序号 | 登录号 | 条形码 | 馆藏地/架位号 | 状态 | 备注 |
| 1 | 0850356 | 208503564 | 第二样本阅览室/ [索取号:X196/142] | 在馆 | |
| 2 | 0850357 | 208503573 | 第三借阅区/ [索取号:X196/142] | 在馆 | |
| 3 | 0850358 | 208503582 | 第三借阅区/ [索取号:X196/142] | 在馆 | |
| 4 | 0850359 | 208503591 | 第三借阅区/ [索取号:X196/142] | 在馆 | |
| 5 | 0850360 | 208503608 | 第三借阅区/ [索取号:X196/142] | 在馆 |